[Event "3MCR_4D_2LA_2S"]
[Site "?"]
[Date "1999.??.??"]
[Round "2"]
[White "Jirku, Jaroslav"]
[Black "Fuka, Miroslav"]
[Result "1-0"]
[WhiteElo "2230"]
[BlackElo "2160"]
[PlyCount "59"]
[EventDate "1999.??.??"]
[EventType "corr"]

1. e4 c6 2. d4 d5 3. Nc3 dxe4 4. Nxe4 Nd7 5. Nf3 Ngf6 6. Ng3 e6 7. Bc4 Qc7 8.
c3 Be7 9. O-O b6 10. Qe2 Bb7 11. Re1 Nf8 12. Ne5 Nd5 13. Bxd5 cxd5 14. Bf4 Qd8
15. Nh5 Rg8 16. Ng3 a6 17. Qf3 Bf6 18. Nf5 Ra7 19. Ng4 Be7 20. Nxe7 Qxe7 21.
Qg3 Ng6 22. Bc7 b5 23. Ne3 Bc6 24. Bb6 Ra8 25. Nf5 Qd7 26. Nd6+ Ke7 27. Bc5 Kd8
28. Re3 Nf8 29. Bb6+ Ke7 30. Nf5+ 1-0

[Event "3MCR_4D_2LA_2S"]
[Site "?"]
[Date "1999.??.??"]
[Round "2"]
[White "Jirkovsky, Tomas"]
[Black "Nemecek, Pavel"]
[Result "1/2-1/2"]
[WhiteElo "2045"]
[BlackElo "2200"]
[PlyCount "67"]
[EventDate "1999.??.??"]
[EventType "corr"]

1. e4 c6 2. Nc3 d5 3. Nf3 Bg4 4. h3 Bxf3 5. Qxf3 e6 6. d3 Nd7 7. Bd2 Bd6 8. d4
a6 9. O-O-O b5 10. g3 Ne7 11. Bg2 O-O 12. Bg5 h6 13. Bf4 Bxf4+ 14. Qxf4 Nb6 15.
h4 Nc4 16. b3 Qa5 17. Nb1 Ng6 18. Qg4 Rfb8 19. h5 Ne7 20. Qf4 Qxa2 21. bxc4
bxc4 22. Nc3 Qb2+ 23. Kd2 e5 24. Qxe5 Rb3 25. Qxe7 Qxc3+ 26. Ke2 Rb2 27. Rd2
Rxc2 28. Rhd1 Rb8 29. Qc7 Rbb2 30. Qc8+ Kh7 31. Qf5+ Kh8 32. Qc8+ Kh7 33. Qf5+
Kh8 34. Qc8+ 1/2-1/2

[Event "3MCR_4D_2LA_2S"]
[Site "?"]
[Date "1999.??.??"]
[Round "2"]
[White "Nemecek, Pavel"]
[Black "Rybak, Radek"]
[Result "0-1"]
[WhiteElo "2200"]
[BlackElo "2200"]
[PlyCount "56"]
[EventDate "1999.??.??"]
[EventType "corr"]

1. d4 d5 2. Nf3 Nc6 3. Bf4 Bg4 4. e3 e6 5. c4 Bb4+ 6. Nc3 Nge7 7. Rc1 O-O 8.
Bd3 Ng6 9. h3 Bxf3 10. Qxf3 dxc4 11. Bxc4 Nxd4 12. Qxb7 Nxf4 13. Qxb4 Nxg2+ 14.
Kf1 Nxe3+ 15. fxe3 Qf6+ 16. Ke1 Rab8 17. Qa4 Qg5 18. Nd1 Qg3+ 19. Kf1 Qf3+ 20.
Kg1 Rxb2 21. Nxb2 Qxe3+ 22. Kg2 Qd2+ 23. Kf1 Qxc1+ 24. Nd1 Qd2 25. Nf2 Nf5 26.
Kg2 Qg5+ 27. Ng4 Rd8 28. Be2 h5 0-1

[Event "3MCR_4D_2LA_2S"]
[Site "?"]
[Date "1999.??.??"]
[Round "2"]
[White "Hnilicka, Michal"]
[Black "Cihal, Jan"]
[Result "1-0"]
[WhiteElo "1995"]
[BlackElo "2000"]
[PlyCount "89"]
[EventDate "1999.??.??"]
[EventType "corr"]

1. e4 c6 2. d4 d5 3. Nc3 dxe4 4. Nxe4 Bf5 5. Ng3 Bg6 6. Nf3 Nd7 7. h4 h6 8. h5
Bh7 9. Bd3 Bxd3 10. Qxd3 Qc7 11. Bd2 e6 12. O-O-O Ngf6 13. Ne4 O-O-O 14. g3
Nxe4 15. Qxe4 Be7 16. Kb1 Rhe8 17. Qe2 Bd6 18. Rhe1 Nf6 19. Ne5 c5 20. Bc1 cxd4
21. Rxd4 Bc5 22. Rc4 Rd4 23. Nxf7 Rxc4 24. Qxc4 Re7 25. Bf4 Qc6 26. Nd6+ Bxd6
27. Qxc6+ bxc6 28. Bxd6 Rd7 29. Rxe6 Rd8 30. Bf4 Rd1+ 31. Bc1 Kd7 32. Re5 Rd5
33. Rxd5+ cxd5 34. Be3 a6 35. Bd4 Nxh5 36. g4 Nf6 37. Bxf6 gxf6 38. Kc1 Ke6 39.
Kd2 f5 40. f3 Ke5 41. Ke3 a5 42. a4 fxg4 43. fxg4 d4+ 44. Kd3 Kd5 45. b3 1-0

[Event "3MCR_4D_2LA_2S"]
[Site "?"]
[Date "1999.??.??"]
[Round "2"]
[White "Fuka, Miroslav"]
[Black "Cihal, Jan"]
[Result "1/2-1/2"]
[WhiteElo "2160"]
[BlackElo "2000"]
[PlyCount "77"]
[EventDate "1999.??.??"]
[EventType "corr"]

1. e4 c6 2. d4 d5 3. Nc3 dxe4 4. Nxe4 Bf5 5. Ng3 Bg6 6. Nh3 Nf6 7. Nf4 e6 8. h4
Be7 9. h5 Bf5 10. Nxf5 exf5 11. Be3 Ng4 12. Bd3 Nxe3 13. fxe3 Bh4+ 14. Kd2 Bg5
15. c3 Qf6 16. Qb3 b6 17. Raf1 O-O 18. g4 Nd7 19. Bxf5 Qe7 20. Re1 Nf6 21. Rhf1
Ne4+ 22. Bxe4 Qxe4 23. Qc2 Rfe8 24. Qxe4 Rxe4 25. Kd3 Rae8 26. Re2 f6 27. c4
Kf7 28. b4 a6 29. a4 b5 30. cxb5 cxb5 31. axb5 axb5 32. Rf3 Bxf4 33. Rxf4 Rxf4
34. exf4 Rxe2 35. Kxe2 Ke6 36. Ke3 g6 37. Ke4 f5+ 38. Kf3 Kd5 39. hxg6 1/2-1/2

[Event "3MCR_4D_2LA_2S"]
[Site "?"]
[Date "1999.??.??"]
[Round "2"]
[White "Efler, David"]
[Black "Minovsky, Roman"]
[Result "1/2-1/2"]
[WhiteElo "2200"]
[BlackElo "2020"]
[PlyCount "56"]
[EventDate "1999.??.??"]
[EventType "corr"]

1. e4 e5 2. Nf3 Nc6 3. Bb5 a6 4. Ba4 Nf6 5. O-O Be7 6. Re1 b5 7. Bb3 O-O 8. a4
Bb7 9. d3 d6 10. c3 Na5 11. Ba2 c5 12. Na3 Qd7 13. axb5 axb5 14. Bd2 Ra6 15. b4
cxb4 16. cxb4 Nc6 17. Nxb5 Nxb4 18. Bxb4 Qxb5 19. Bc4 Rxa1 20. Qxa1 Qd7 21. Qa2
h6 22. h3 Nh5 23. Qa3 Ra8 24. Qb3 Bf8 25. d4 exd4 26. Nxd4 Nf6 27. Bd3 Rb8 28.
Bc3 Qc7 1/2-1/2

[Event "3MCR_4D_2LA_2S"]
[Site "?"]
[Date "1999.??.??"]
[Round "2"]
[White "Minovsky, Roman"]
[Black "Absolon, Vaclav"]
[Result "1-0"]
[WhiteElo "2020"]
[BlackElo "1870"]
[PlyCount "51"]
[EventDate "1999.??.??"]
[EventType "corr"]

1. e4 c5 2. Nf3 d6 3. d4 cxd4 4. Nxd4 Nf6 5. Nc3 a6 6. Bg5 e6 7. f4 Be7 8. Qf3
Qc7 9. O-O-O Nbd7 10. g4 b5 11. Bxf6 Nxf6 12. g5 Nd7 13. f5 Nc5 14. f6 gxf6 15.
gxf6 Bf8 16. Qh5 b4 17. Nd5 exd5 18. exd5 Bd7 19. Re1+ Kd8 20. Kb1 Qc8 21. Qxf7
Kc7 22. Qh5 Kb6 23. Rg1 Ra7 24. Qh4 h5 25. Ne6 Ka5 26. f7 1-0

[Event "3MCR_4D_2LA_2S"]
[Site "?"]
[Date "1999.??.??"]
[Round "2"]
[White "Liska, Karel"]
[Black "Hnilicka, Michal"]
[Result "1/2-1/2"]
[WhiteElo "2215"]
[BlackElo "1995"]
[PlyCount "58"]
[EventDate "1999.??.??"]
[EventType "corr"]

1. d4 Nf6 2. c4 e6 3. Nc3 Bb4 4. f3 c5 5. d5 Bxc3+ 6. bxc3 Qa5 7. Bd2 d6 8. e4
O-O 9. Ne2 Re8 10. Ng3 Bd7 11. Be2 Ba4 12. Qc1 Nbd7 13. O-O a6 14. dxe6 fxe6
15. Bf4 Qc7 16. Qa3 Nb6 17. Rab1 Nfd7 18. Rb2 Rf8 19. Be3 Rac8 20. e5 d5 21. f4
Bc6 22. cxd5 Nxd5 23. c4 Nxe3 24. Qxe3 g5 25. Nh5 gxf4 26. Nxf4 Qxe5 27. Qxe5
Nxe5 28. Nxe6 Rxf1+ 29. Kxf1 Nd7 1/2-1/2

[Event "3MCR_4D_2LA_2S"]
[Site "?"]
[Date "1999.??.??"]
[Round "2"]
[White "Konicek, Petr I"]
[Black "Fuka, Miroslav"]
[Result "0-1"]
[WhiteElo "1800"]
[BlackElo "2160"]
[PlyCount "64"]
[EventDate "1999.??.??"]
[EventType "corr"]

1. e4 c6 2. d3 d5 3. Nd2 Qc7 4. Ngf3 Bg4 5. h3 Bh5 6. Be2 Nd7 7. O-O Ngf6 8.
Nd4 Bxe2 9. Qxe2 e5 10. Nf5 g6 11. Ng3 O-O-O 12. c4 dxc4 13. dxc4 h5 14. a3 h4
15. Nh1 Be7 16. b4 Nh5 17. Nb3 f5 18. Bd2 Kb8 19. b5 Nc5 20. Nxc5 Bxc5 21. bxc6
Qxc6 22. exf5 gxf5 23. Qxe5+ Bd6 24. Qb5 Qc7 25. Rfd1 Rhg8 26. Rab1 b6 27. Be3
Qb7 28. Rd5 Rg6 29. f3 Rdg8 30. Rb2 Qg7 31. Rdd2 Qc3 32. Qb3 Rxg2+ 0-1

[Event "3MCR_4D_2LA_2S"]
[Site "?"]
[Date "1999.??.??"]
[Round "2"]
[White "Nemecek, Pavel"]
[Black "Konicek, Petr I"]
[Result "1/2-1/2"]
[WhiteElo "2200"]
[BlackElo "1800"]
[PlyCount "58"]
[EventDate "1999.??.??"]
[EventType "corr"]

1. e4 e6 2. d4 d5 3. Nd2 Nf6 4. e5 Nfd7 5. Bd3 c5 6. c3 Nc6 7. Ne2 cxd4 8. cxd4
f6 9. exf6 Nxf6 10. Nf3 Bd6 11. O-O Qc7 12. Bg5 O-O 13. Rc1 Bd7 14. Ng3 Qb6 15.
Re1 h6 16. Bxf6 Rxf6 17. Nh5 Rxf3 18. Qxf3 Qxd4 19. Rcd1 Rf8 20. Qe2 Qh4 21. g3
Qh3 22. Bb5 Rf5 23. Bxc6 bxc6 24. Nf4 Bxf4 25. gxf4 Rxf4 26. Rd3 Qf5 27. Rg3
Re4 28. Re3 Rc4 29. Rf3 Rg4+ 1/2-1/2

[Event "3MCR_4D_2LA_2S"]
[Site "?"]
[Date "1999.??.??"]
[Round "2"]
[White "Konicek, Petr I"]
[Black "Slavik, Jan"]
[Result "0-1"]
[WhiteElo "1800"]
[BlackElo "1800"]
[PlyCount "60"]
[EventDate "1999.??.??"]
[EventType "corr"]

1. e4 Nf6 2. d3 e5 3. Nf3 Nc6 4. g3 Bc5 5. Bg2 d6 6. O-O Bg4 7. h3 Bh5 8. c3 h6
9. Nbd2 a5 10. Qb3 Qc8 11. Kh1 a4 12. Qc2 b5 13. Nh4 O-O 14. g4 Bg6 15. Ndf3
Ne7 16. g5 hxg5 17. Bxg5 Qe6 18. Nh2 Rac8 19. f4 Nh5 20. Rf3 exf4 21. Bxe7 Qxe7
22. Nxg6 fxg6 23. Ng4 Bb6 24. b3 Ra8 25. Re1 Qh4 26. Qd2 axb3 27. axb3 Ra2 28.
Qxa2 Qxe1+ 29. Bf1 Ng3+ 30. Kg2 Nxf1 0-1

[Event "3MCR_4D_2LA_2S"]
[Site "?"]
[Date "1999.??.??"]
[Round "2"]
[White "Slavik, Jan"]
[Black "Bezpalec, Vratislav"]
[Result "1/2-1/2"]
[WhiteElo "1800"]
[BlackElo "2140"]
[PlyCount "61"]
[EventDate "1999.??.??"]
[EventType "corr"]

1. e4 e6 2. d4 d5 3. exd5 exd5 4. Bd3 Nc6 5. c3 Bd6 6. Nf3 Bg4 7. h3 Bh5 8. O-O
Nge7 9. Bg5 Qd7 10. Nbd2 f6 11. Bh4 O-O 12. Qc2 Kh8 13. Rae1 Bg6 14. Bg3 Rae8
15. Nh4 Bxd3 16. Qxd3 g5 17. Bxd6 Qxd6 18. Nf5 Nxf5 19. Qxf5 Ne7 20. Qe6 Qxe6
21. Rxe6 Ng6 22. Rfe1 Rxe6 23. Rxe6 Kg7 24. g3 Kf7 25. Re2 Rd8 26. Kf1 Rd6 27.
Nb3 Ne7 28. Nc5 b6 29. Nd3 Re6 30. Ke1 Nf5 31. Nb4 1/2-1/2

[Event "3MCR_4D_2LA_2S"]
[Site "?"]
[Date "1999.??.??"]
[Round "2"]
[White "Fuka, Miroslav"]
[Black "Nemecek, Pavel"]
[Result "1-0"]
[WhiteElo "2160"]
[BlackElo "2200"]
[PlyCount "97"]
[EventDate "1999.??.??"]
[EventType "corr"]

1. e4 e5 2. Nc3 Bc5 3. Nf3 d6 4. d4 exd4 5. Nxd4 Ne7 6. Be2 Nbc6 7. Be3 O-O 8.
Nxc6 Nxc6 9. Qd2 Bxe3 10. Qxe3 Be6 11. O-O-O a5 12. f4 Qe7 13. g4 Nb4 14. Kb1
f6 15. h4 Qf7 16. a3 Ba2+ 17. Nxa2 Qxa2+ 18. Kc1 Qa1+ 19. Kd2 Qxb2 20. axb4
Qxb4+ 21. Kc1 a4 22. Rd4 Qc5 23. Qd3 Rfe8 24. Bf3 a3 25. Qc4+ Qxc4 26. Rxc4 c5
27. Rc3 b5 28. e5 a2 29. Kb2 b4 30. Re3 a1=Q+ 31. Rxa1 Rxa1 32. exd6 Rd8 33.
Kxa1 Rxd6 34. Rd3 Ra6+ 35. Kb2 Ra7 36. Rd8+ Kf7 37. Rc8 Ra3 38. Bd5+ Ke7 39.
Rxc5 Rg3 40. g5 Rg4 41. Bb3 Rxh4 42. Rc7+ Kd6 43. Rxg7 Rxf4 44. gxf6 Rxf6 45.
Rxh7 Rf4 46. Rh8 Kc5 47. Rc8+ Kb5 48. Be6 Re4 49. Bd7+ 1-0

[Event "3MCR_4D_2LA_2S"]
[Site "?"]
[Date "1999.??.??"]
[Round "2"]
[White "Efler, David"]
[Black "Rybak, Radek"]
[Result "1/2-1/2"]
[WhiteElo "2200"]
[BlackElo "2200"]
[PlyCount "62"]
[EventDate "1999.??.??"]
[EventType "corr"]

1. e4 e5 2. Nf3 Nc6 3. Bb5 a6 4. Ba4 Nf6 5. O-O Be7 6. Re1 b5 7. Bb3 O-O 8. a4
Bb7 9. d3 Re8 10. Nbd2 Bf8 11. c3 d6 12. Nf1 h6 13. Ng3 Na5 14. Ba2 c5 15. Bd2
c4 16. b4 cxb3 17. Bxb3 d5 18. axb5 axb5 19. exd5 Nxb3 20. Qxb3 Bxd5 21. Qxb5
Rb8 22. Qa6 Re6 23. Qa7 Bxf3 24. gxf3 Rd6 25. d4 Rd7 26. Qa5 Qxa5 27. Rxa5 exd4
28. cxd4 Rxd4 29. Bc3 Rd5 30. Ne4 Nxe4 31. fxe4 Rxa5 1/2-1/2

[Event "3MCR_4D_2LA_2S"]
[Site "?"]
[Date "1999.??.??"]
[Round "2"]
[White "Liska, Karel"]
[Black "Absolon, Vaclav"]
[Result "1-0"]
[WhiteElo "2215"]
[BlackElo "1870"]
[PlyCount "45"]
[EventDate "1999.??.??"]
[EventType "corr"]

1. Nf3 Nf6 2. g3 b5 3. Bg2 Bb7 4. O-O e6 5. d3 Be7 6. e4 O-O 7. c3 c5 8. a4 b4
9. e5 Nd5 10. c4 Nc7 11. Nbd2 d5 12. d4 Nd7 13. Re1 a5 14. b3 Nb6 15. dxc5 Bxc5
16. cxd5 Qxd5 17. Qc2 Na6 18. Ne4 Be7 19. Nfg5 Bxg5 20. Bxg5 Kh8 21. Rad1 Qc6
22. Qb1 Qc7 23. Nf6 1-0

[Event "3MCR_4D_2LA_2S"]
[Site "?"]
[Date "1999.??.??"]
[Round "2"]
[White "Polak, Petr"]
[Black "Fuka, Miroslav"]
[Result "1-0"]
[WhiteElo "1800"]
[BlackElo "2160"]
[PlyCount "83"]
[EventDate "1999.??.??"]
[EventType "corr"]

1. c4 Nf6 2. Nc3 e6 3. e4 c5 4. e5 Ng8 5. Nf3 Nc6 6. d4 cxd4 7. Nxd4 Nxe5 8.
Ndb5 a6 9. Nd6+ Bxd6 10. Qxd6 f6 11. Be3 Ne7 12. Bb6 Nf5 13. Qc5 Qe7 14. Qxe7+
Kxe7 15. f4 Nf7 16. Bd3 g6 17. O-O d6 18. Rfe1 Kf8 19. Bxf5 gxf5 20. Rad1 Rg8
21. Bc7 Bd7 22. Bxd6+ Nxd6 23. Rxd6 Bc6 24. g3 Re8 25. Rexe6 Rxe6 26. Rxe6 Kf7
27. Rd6 Re8 28. Kf2 Ke7 29. c5 Rd8 30. Rxd8 Kxd8 31. b4 Kd7 32. a4 Bh1 33. Ke3
Ke6 34. Kd4 Bg2 35. Kc4 Bc6 36. b5 axb5+ 37. axb5 Bf3 38. b6 Bc6 39. Na2 Bf3
40. Nb4 Kd7 41. Kd4 h6 42. Nd5 1-0

[Event "3MCR_4D_2LA_2S"]
[Site "?"]
[Date "1999.??.??"]
[Round "2"]
[White "Rybak, Radek"]
[Black "Jirku, Jaroslav"]
[Result "1-0"]
[WhiteElo "2200"]
[BlackElo "2230"]
[PlyCount "49"]
[EventDate "1999.??.??"]
[EventType "corr"]

1. e4 e5 2. Nf3 Nc6 3. Bc4 Nf6 4. d4 exd4 5. e5 d5 6. Bb5 Ne4 7. Nxd4 Bd7 8.
Bxc6 bxc6 9. O-O Bc5 10. f3 Ng5 11. f4 Ne6 12. Be3 g6 13. c3 Bb6 14. Nd2 O-O
15. N2b3 Qe7 16. a4 a5 17. Qe2 c5 18. Nf3 c4 19. Nbd4 Nc5 20. f5 Bxa4 21. Bg5
Qd7 22. Bf6 Rfb8 23. e6 fxe6 24. Ne5 Qe8 25. fxg6 1-0

[Event "3MCR_4D_2LA_2S"]
[Site "?"]
[Date "1999.??.??"]
[Round "2"]
[White "Konicek, Petr I"]
[Black "Minovsky, Roman"]
[Result "1-0"]
[WhiteElo "1800"]
[BlackElo "2020"]
[PlyCount "45"]
[EventDate "1999.??.??"]
[EventType "corr"]

1. e4 e5 2. Nf3 Nc6 3. Bc4 Bc5 4. c3 Nf6 5. d3 d6 6. O-O Bb6 7. Bb3 O-O 8. h3
Ne7 9. Re1 h6 10. Nbd2 Re8 11. Nf1 Bd7 12. Ng3 Ng6 13. d4 exd4 14. cxd4 c5 15.
e5 dxe5 16. Nxe5 Nxe5 17. dxe5 Nh7 18. Qh5 Be6 19. Bc2 Nf8 20. Bxh6 Ba5 21.
Red1 Qc7 22. Ne4 Rad8 23. Be3 1-0

[Event "3MCR_4D_2LA_2S"]
[Site "?"]
[Date "1999.??.??"]
[Round "2"]
[White "Polak, Petr"]
[Black "Konicek, Petr I"]
[Result "1-0"]
[WhiteElo "1800"]
[BlackElo "1800"]
[PlyCount "71"]
[EventDate "1999.??.??"]
[EventType "corr"]

1. c4 e5 2. Nc3 Nf6 3. Nf3 Nc6 4. g3 Bb4 5. Bg2 O-O 6. O-O Re8 7. Nd5 Nxd5 8.
cxd5 Nd4 9. Nxd4 exd4 10. a3 Bd6 11. d3 Be5 12. e4 dxe3 13. fxe3 d6 14. d4 Bf6
15. Qd3 Bg4 16. Bd2 Qd7 17. Rac1 Re7 18. Rc4 Qe8 19. Rfc1 Rc8 20. b3 h6 21. e4
g5 22. Bb4 Qd8 23. e5 Bg7 24. Qe4 Bd7 25. Qf3 Bb5 26. Bxd6 Bxc4 27. Bxe7 Qxe7
28. bxc4 Qd7 29. c5 Qb5 30. Rf1 Rf8 31. Qf5 Qb2 32. Be4 Qxd4+ 33. Kh1 f6 34.
Qh7+ Kf7 35. Bg6+ Ke7 36. Qxg7+ 1-0

[Event "3MCR_4D_2LA_2S"]
[Site "?"]
[Date "1999.??.??"]
[Round "2"]
[White "Liska, Karel"]
[Black "Bezpalec, Vratislav"]
[Result "1/2-1/2"]
[WhiteElo "2215"]
[BlackElo "2140"]
[PlyCount "63"]
[EventDate "1999.??.??"]
[EventType "corr"]

1. e4 e6 2. d4 d5 3. Nc3 Nf6 4. Bg5 dxe4 5. Nxe4 Be7 6. Bxf6 gxf6 7. Nf3 b6 8.
Bc4 Bb7 9. Qe2 c6 10. O-O-O Qc7 11. Kb1 Nd7 12. Rhe1 O-O-O 13. Ba6 Rhg8 14. g3
f5 15. Bxb7+ Kxb7 16. Ned2 Nf6 17. c3 Bf8 18. Nc4 h5 19. Rd3 Bh6 20. Red1 Ng4
21. Nfe5 b5 22. Na3 Bf8 23. f4 Bxa3 24. bxa3 h4 25. gxh4 Nxe5 26. dxe5 Rxd3 27.
Rxd3 Qe7 28. Rg3 Rh8 29. a4 Qxh4 30. Qd2 bxa4 31. Qd7+ Kb6 32. Qd4+ 1/2-1/2

[Event "3MCR_4D_2LA_2S"]
[Site "?"]
[Date "1999.??.??"]
[Round "2"]
[White "Absolon, Vaclav"]
[Black "Jirkovsky, Tomas"]
[Result "0-1"]
[WhiteElo "1870"]
[BlackElo "2045"]
[PlyCount "66"]
[EventDate "1999.??.??"]
[EventType "corr"]

1. e4 c6 2. d4 d5 3. Nc3 dxe4 4. Nxe4 Nd7 5. Ng5 Ngf6 6. Bd3 e6 7. N1f3 h6 8.
Nxe6 fxe6 9. Bg6+ Ke7 10. O-O Qc7 11. Re1 Kd8 12. Qe2 Bd6 13. Ne5 Bxe5 14. dxe5
Nd5 15. c4 Ne7 16. Bc2 Nf8 17. Be3 c5 18. Qd3+ Bd7 19. Rad1 Ke8 20. Qa3 b6 21.
f4 g6 22. Bf2 Bc6 23. Rd6 Rd8 24. Red1 Rd7 25. b4 cxb4 26. Qxb4 Nf5 27. Bxf5
gxf5 28. Bh4 Rxd6 29. exd6 Qg7 30. d7+ Nxd7 31. g3 Nc5 32. Qd2 Bf3 33. Rf1 Be4
0-1

[Event "3MCR_4D_2LA_2S"]
[Site "?"]
[Date "1999.??.??"]
[Round "2"]
[White "Nemecek, Pavel"]
[Black "Cihal, Jan"]
[Result "0-1"]
[WhiteElo "2200"]
[BlackElo "2000"]
[PlyCount "50"]
[EventDate "1999.??.??"]
[EventType "corr"]

1. e4 c6 2. d4 d5 3. Nc3 dxe4 4. Nxe4 Bf5 5. Ng3 Bg6 6. Nf3 Nd7 7. Nh4 Ngf6 8.
c3 Qc7 9. Bc4 e6 10. Nxg6 hxg6 11. Qe2 Bd6 12. Qf3 c5 13. dxc5 Bxc5 14. Bb5
O-O-O 15. Bf4 Ne5 16. Qe2 Nd3+ 17. Bxd3 Qxf4 18. Rd1 Ng4 19. Ne4 Nxh2 20. Rg1
Bb6 21. Bc2 f5 22. Nd2 Ng4 23. Rf1 Kb8 24. Qf3 Qe5+ 25. Qe2 Rd5 0-1

[Event "3MCR_4D_2LA_2S"]
[Site "?"]
[Date "1999.??.??"]
[Round "2"]
[White "Slavik, Jan"]
[Black "Absolon, Vaclav"]
[Result "1-0"]
[WhiteElo "1800"]
[BlackElo "1870"]
[PlyCount "63"]
[EventDate "1999.??.??"]
[EventType "corr"]

1. e4 c5 2. Nf3 d6 3. d4 cxd4 4. Nxd4 Nf6 5. Nc3 a6 6. Bg5 e6 7. f4 Be7 8. Qf3
Qc7 9. O-O-O Nbd7 10. g4 b5 11. Bxf6 Nxf6 12. g5 Nd7 13. f5 Nc5 14. f6 gxf6 15.
gxf6 Bf8 16. Qh5 b4 17. Nd5 exd5 18. exd5 Bd7 19. Re1+ Kd8 20. Kb1 Qc8 21. Qxf7
Kc7 22. Bh3 Kb6 23. Bxd7 Qxd7 24. Qh5 Ra7 25. Nc6 Rb7 26. Re2 Rg8 27. h3 Rg6
28. Qh4 Qf5 29. Ne7 Qg5 30. Nxg6 Qxg6 31. Qxb4+ Ka7 32. Qd4 1-0

[Event "3MCR_4D_2LA_2S"]
[Site "?"]
[Date "1999.??.??"]
[Round "2"]
[White "Fuka, Miroslav"]
[Black "Absolon, Vaclav"]
[Result "1-0"]
[WhiteElo "2160"]
[BlackElo "1870"]
[PlyCount "77"]
[EventDate "1999.??.??"]
[EventType "corr"]

1. e4 c5 2. Nf3 d6 3. d4 cxd4 4. Nxd4 Nf6 5. Nc3 a6 6. g3 e5 7. Nde2 Be7 8. Bg2
O-O 9. a4 b6 10. O-O Bb7 11. h3 Nbd7 12. g4 Nc5 13. Ng3 Ne6 14. Nd5 Nxd5 15.
exd5 Nc5 16. f4 Qd7 17. fxe5 dxe5 18. Nf5 Bd8 19. b4 Nxa4 20. c4 b5 21. c5 Nc3
22. Qd3 Nxd5 23. Ne3 Bh4 24. Nxd5 Rad8 25. Rd1 Qe6 26. Be3 e4 27. Qxe4 Bxd5 28.
Rxd5 Rxd5 29. Qxe6 fxe6 30. Bxd5 exd5 31. Rxa6 Be1 32. Rb6 Bxb4 33. Rxb5 Bc3
34. c6 Rc8 35. Rc5 d4 36. Bf4 Kf7 37. Kf2 h6 38. Be5 g6 39. Kf3 1-0

[Event "3MCR_4D_2LA_2S"]
[Site "?"]
[Date "1999.??.??"]
[Round "2"]
[White "Jirku, Jaroslav"]
[Black "Slavik, Jan"]
[Result "1/2-1/2"]
[WhiteElo "2230"]
[BlackElo "1800"]
[PlyCount "62"]
[EventDate "1999.??.??"]
[EventType "corr"]

1. e4 e5 2. Nf3 Nf6 3. Nxe5 d6 4. Nf3 Nxe4 5. d4 d5 6. Bd3 Bd6 7. O-O O-O 8. c4
c6 9. Qc2 Na6 10. Bxe4 dxe4 11. Qxe4 Re8 12. Qd3 Bg4 13. Bg5 Qd7 14. Nbd2 h6
15. Bh4 Nc5 16. Qc3 Ne4 17. Nxe4 Rxe4 18. Bg3 Bxg3 19. fxg3 Bxf3 20. Rxf3 Qxd4+
21. Qxd4 Rxd4 22. b3 Rd2 23. Rf2 Rad8 24. Re1 Rxf2 25. Kxf2 Rd2+ 26. Re2 Rxe2+
27. Kxe2 f6 28. g4 Kf7 29. Ke3 Ke6 30. Ke4 b6 31. b4 g6 1/2-1/2

[Event "3MCR_4D_2LA_2S"]
[Site "?"]
[Date "1999.??.??"]
[Round "2"]
[White "Slavik, Jan"]
[Black "Cihal, Jan"]
[Result "1-0"]
[WhiteElo "1800"]
[BlackElo "2000"]
[PlyCount "69"]
[EventDate "1999.??.??"]
[EventType "corr"]

1. e4 c6 2. d4 d5 3. exd5 cxd5 4. c4 Nf6 5. Nc3 Nc6 6. Bg5 Qa5 7. Bxf6 exf6 8.
cxd5 Bb4 9. Qd2 Bxc3 10. bxc3 Qxd5 11. Nf3 O-O 12. Be2 Bg4 13. O-O Rfe8 14.
Rfe1 Rad8 15. h3 Bf5 16. c4 Qd6 17. Rad1 Be4 18. Qb2 b6 19. d5 Ne5 20. Qb3
Nxf3+ 21. Bxf3 Bxf3 22. Qxf3 Qb4 23. Rxe8+ Rxe8 24. Qf4 h6 25. Qc7 Re1+ 26.
Rxe1 Qxe1+ 27. Kh2 Qe5+ 28. Qxe5 fxe5 29. g4 Kf8 30. Kg3 Ke7 31. Kf3 g6 32. Ke4
Kd6 33. h4 a6 34. a4 f6 35. h5 1-0

[Event "3MCR_4D_2LA_2S"]
[Site "?"]
[Date "1999.??.??"]
[Round "2"]
[White "Nemecek, Pavel"]
[Black "Efler, David"]
[Result "1-0"]
[WhiteElo "2200"]
[BlackElo "2200"]
[PlyCount "49"]
[EventDate "1999.??.??"]
[EventType "corr"]

1. d4 Nf6 2. Nf3 g6 3. c4 Bg7 4. Nc3 O-O 5. g3 d6 6. Bg2 Nc6 7. O-O a6 8. b3
Rb8 9. e4 Bg4 10. Bb2 Nd7 11. Ne2 e5 12. d5 Ne7 13. h3 Bxf3 14. Bxf3 f5 15. Qc2
Qe8 16. Rae1 Qf7 17. exf5 Qxf5 18. Qxf5 Nxf5 19. Bg2 b5 20. cxb5 axb5 21. Nc1
Ra8 22. Re2 Nc5 23. b4 Na4 24. Ba1 Nd4 25. Bxd4 1-0

[Event "3MCR_4D_2LA_2S"]
[Site "?"]
[Date "1999.??.??"]
[Round "2"]
[White "Bezpalec, Vratislav"]
[Black "Polak, Petr"]
[Result "0-1"]
[WhiteElo "2140"]
[BlackElo "1800"]
[PlyCount "70"]
[EventDate "1999.??.??"]
[EventType "corr"]

1. c4 Nf6 2. Nc3 e6 3. Nf3 c5 4. g3 Nc6 5. Bg2 Be7 6. O-O d5 7. cxd5 exd5 8. d4
O-O 9. e3 Bg4 10. h3 Bf5 11. a3 Ne4 12. dxc5 Nxc3 13. bxc3 Bxc5 14. Nd4 Be4 15.
Nxc6 bxc6 16. Qe2 Bxg2 17. Kxg2 Qe7 18. a4 Rab8 19. Ra2 Rb3 20. Rc2 Qe4+ 21.
Kh2 Re8 22. a5 Bd6 23. Rd1 Be5 24. Bb2 h5 25. Kg1 Reb8 26. Rdd2 h4 27. g4 a6
28. f4 Bxc3 29. Bxc3 Rb1+ 30. Rd1 Rxd1+ 31. Qxd1 Qxe3+ 32. Kh1 Qxh3+ 33. Kg1
Qg3+ 34. Kh1 Rb3 35. Be1 Qxf4 0-1

[Event "3MCR_4D_2LA_2S"]
[Site "?"]
[Date "1999.??.??"]
[Round "2"]
[White "Nemecek, Pavel"]
[Black "Polak, Petr"]
[Result "1/2-1/2"]
[WhiteElo "2200"]
[BlackElo "1800"]
[PlyCount "70"]
[EventDate "1999.??.??"]
[EventType "corr"]

1. e4 e5 2. Nf3 Nc6 3. Bb5 a6 4. Ba4 Nf6 5. O-O Be7 6. Re1 b5 7. Bb3 d6 8. c3
O-O 9. h3 Na5 10. Bc2 c5 11. d4 Qc7 12. d5 Bd7 13. Nbd2 Rfc8 14. b3 c4 15. b4
Nb7 16. Nf1 a5 17. Ba3 axb4 18. Bxb4 Nc5 19. Ng3 Ra7 20. Nh4 Rca8 21. Nhf5 Bf8
22. Qb1 g6 23. Nh4 Na6 24. Ba3 Qa5 25. Qb2 Qb6 26. Rf1 Nc5 27. Bb4 Bh6 28. Nf3
Nd3 29. Bxd3 cxd3 30. Rfe1 Bf4 31. Nf1 Nh5 32. N3d2 f5 33. exf5 gxf5 34. c4 Rc8
35. Rac1 bxc4 1/2-1/2

[Event "3MCR_4D_2LA_2S"]
[Site "?"]
[Date "1999.??.??"]
[Round "2"]
[White "Polak, Petr"]
[Black "Minovsky, Roman"]
[Result "1/2-1/2"]
[WhiteElo "1800"]
[BlackElo "2020"]
[PlyCount "43"]
[EventDate "1999.??.??"]
[EventType "corr"]

1. c4 c5 2. Nc3 Nf6 3. Nf3 e6 4. g3 b6 5. Bg2 Bb7 6. O-O Be7 7. d4 cxd4 8. Qxd4
d6 9. Rd1 a6 10. b3 Nbd7 11. Ba3 Nc5 12. Rac1 O-O 13. Bb2 Rc8 14. b4 Ncd7 15.
a3 Bxf3 16. exf3 Ne8 17. Ne4 f5 18. Nc3 Bf6 19. Qe3 Qe7 20. f4 a5 21. Re1 Nc7
22. Qd2 1/2-1/2

[Event "3MCR_4D_2LA_2S"]
[Site "?"]
[Date "1999.??.??"]
[Round "2"]
[White "Bezpalec, Vratislav"]
[Black "Cihal, Jan"]
[Result "0-1"]
[WhiteElo "2140"]
[BlackElo "2000"]
[PlyCount "74"]
[EventDate "1999.??.??"]
[EventType "corr"]

1. c4 c6 2. d4 d5 3. Nf3 Nf6 4. Nc3 dxc4 5. a4 Bf5 6. e3 e6 7. Bxc4 Bb4 8. O-O
O-O 9. Qe2 Nbd7 10. e4 Bg6 11. Bd3 Be7 12. Rd1 Re8 13. Bc4 Bb4 14. e5 Nd5 15.
Ne4 Be7 16. Bd2 Bh5 17. a5 c5 18. Ng3 Bxf3 19. gxf3 cxd4 20. Qe4 Qc7 21. Bd3 g6
22. f4 Nc5 23. Qf3 Nb3 24. Ra4 Nxd2 25. Rxd2 Qc1+ 26. Nf1 Bb4 27. Rc2 Qxf4 28.
Qxf4 Nxf4 29. Bb5 d3 30. Rc7 d2 31. Nxd2 Bxd2 32. Bxe8 Rxe8 33. h4 Nd3 34. Kg2
a6 35. Ra3 Nxe5 36. Rxb7 Rd8 37. Ra4 Nd3 0-1